MARC

LEADER 00000nam0a2200000 4500
001 275353
005 20231101234821.0
035 |a (RuTPU)RU\TPU\book\298594 
090 |a 275353 
100 |a 20141113d1958 k y0rusy50 ca 
101 0 |a rus 
102 |a RU 
105 |a b z 001zy 
200 1 |a Государственная геологическая карта СССР. Масштаб 1:1000000. Лист R -46,47 (р. Хета)  |e объяснительная записка  |f Научно-исследовательский институт геологии Арктики (НИИГА) ; сост. Я. И. Полькин ; А. М. Виленский 
210 |a Москва  |c Госгортехиздат  |d 1958 
215 |a 103 с.  |c карты 
320 |a Библиогр.: с. 90-91. 
606 1 |a Геологические карты  |2 stltpush  |3 (RuTPU)RU\TPU\subj\6050  |9 34014 
610 1 |a СССР 
610 1 |a карты 
610 1 |a Хета 
610 1 |a физико-географический очерк 
610 1 |a геологическая изученность 
610 1 |a стратиграфия 
610 1 |a магматизм 
610 1 |a тектоника 
610 1 |a геологическое развитие 
610 1 |a полезные ископаемые 
610 1 |a строительные материалы 
610 1 |a драгоценные камни 
610 1 |a соляные источники 
675 |a 550.8:528  |v 3 
702 1 |a Полькин  |b Я. И.  |4 220 
702 1 |a Виленский  |b А. М.  |4 220 
712 0 2 |a Научно-исследовательский институт геологии Арктики (НИИГА)  |c (Ленинград)  |c (1948-1981)  |2 stltpush  |3 (RuTPU)RU\TPU\col\13071 
801 1 |a RU  |b 63413507  |c 20141113 
801 2 |a RU  |b 63413507  |c 20210526  |g RCR 
942 |c BK